| 000 | 00860cam a2200193 4500 | ||
|---|---|---|---|
| 001 | WB3943-01 | ||
| 008 | 031112n2003 000 0 eng u | ||
| 035 | _a(Sirsi) u124295 | ||
| 245 | _aSurvey slams 'huge'cost of tendering. | ||
| 260 | _c2003 | ||
| 490 |
_aContract Journal _v421(6451) 5 November 2003, 4(1) |
||
| 520 | _aA survey conducted by Reading University has shown that the average cost of construction tendering is 3% of the value of the project with average pre-qualification costs at 1.5%. 2% of turnover is being spent in photocopying and mailing documents. To calculate actual bid costs and contribute to the survey visit the survey site at http://www.constructionmarketingcommunity.com/research. | ||
| 590 | _aWB | ||
| 650 | _aTENDERING | ||
| 650 | _aBIDDING | ||
| 650 | _aProcurement-old | ||
| 690 |
_aProcurement _96260 |
||
| 942 | _n0 | ||
| 999 |
_c73775 _d73775 |
||